Clic Titres de films traduits avec les pieds ! - Statistiques

Statistiques générales
  • Ce quiz a été pris 132 fois
  • Le résultat moyen est 9 sur 20
Statistiques - réponses
Hint Extra Hint Réponse % Correct
Frozen Congelée La reine des neiges
94%
Finding Nemo A la recherche de Nemo Le monde de Nemo
88%
Despicable Me Un moi méprisable Moi, moche et méchant
86%
School of the rock Ecole du rock Rock Academy
80%
The hangover La gueule de bois Very bad trip
73%
Bewitched Enchantée Ma sorcière bien aimée
61%
Two weeks notice 2 semaines de préavis L'amour sans préavis
56%
The departed Les défunts Les Infiltrés
51%
That darn cat ! Cette saleté de chat L'espion aux pattes de velours
40%
Cool runnings Les coureurs frais Rasta Rockett
38%
50 First dates 50 premiers rendez-vous Amour & Amnésie
24%
What's your number ? Puis-je avoir votre numéro ? S(ex) List
22%
The deer hunter Le chasseur de cerf Voyage au bout de l'enfer
21%
North by Northwest Du nord au nord-ouest La mort aux trousses
20%
Hoodwinked Trompé La véritable histoire du petit Chaperon rouge
20%
Get smart Deviens intelligent Max la Menace
19%
Ladder 49 Echelle 49 Piège de feu
19%
Dan in real life Dan dans la vraie vie Coup de foudre à Rhode Island
13%
While you were sleeping Pendant que tu dormais L'amour à tout prix
12%
Wild target Cible mouvante Petits meurtres à l'anglaise
12%
Aucun quiz correspondant
Distribution des résultats
% des personnes avec chaque résultat
Percentile par nombre de réponses
Votre historique - résultats
Vous n’avez pas pris ce quiz